Electric machinery fundamentals (Record no. 1110)

000 -LEADER
fixed length control field 00674nam a22002294a 4500
001 - CONTROL NUMBER
control field 1110
003 - CONTROL NUMBER IDENTIFIER
control field BD-DhUET
008 - FIXED-LENGTH DATA ELEMENTS--GENERAL INFORMATION
fixed length control field 030923s2005 nyua b 001 0 eng
020 ## - INTERNATIONAL STANDARD BOOK NUMBER
International Standard Book Number 0071151559
040 ## - CATALOGING SOURCE
Original cataloging agency DLC
Transcribing agency DLC
Modifying agency BD-DhUET
082 00 - DEWEY DECIMAL CLASSIFICATION NUMBER
Classification number 623
Item number CHA/2005
100 1# - MAIN ENTRY--PERSONAL NAME
Personal name Chapman, Stephen J.
245 10 - TITLE STATEMENT
Title Electric machinery fundamentals
250 ## - EDITION STATEMENT
Edition statement 4th ed.
260 ## - PUBLICATION, DISTRIBUTION, ETC. (IMPRINT)
Place of publication, distribution, etc. Boston
Name of publisher, distributor, etc. McGraw-Hill
Date of publication, distribution, etc. 2005
300 ## - PHYSICAL DESCRIPTION
Extent xxii, 746p.
Other physical details ill.
Dimensions 24 cm.
500 ## - GENERAL NOTE
General note Includes bibliographies
650 #0 - SUBJECT ADDED ENTRY--TOPICAL TERM
Topical term or geographic name as entry element Electric engineering
856 41 - ELECTRONIC LOCATION AND ACCESS
Uniform Resource Identifier http://www.loc.gov/catdir/toc/mh041/2003065174.html
856 42 - ELECTRONIC LOCATION AND ACCESS
Uniform Resource Identifier http://www.loc.gov/catdir/description/mh041/2003065174.html
942 ## - ADDED ENTRY ELEMENTS (KOHA)
Koha item type General Book
Holdings
Damaged status Koha date last borrowed Shelving location Koha full call number Koha date last seen Date acquired Withdrawn status Lost status Koha issues (times borrowed) Sublocation or collection (holding branch) Koha renewals Price effective from Koha item type Copy number Koha normalized classification for sorting Koha out on loan Not for loan Source of classification or shelving scheme Piece designation (barcode) Location (home branch)
 2024-12-18Circulation section623/CHA/20052025-04-162014-08-30  15Central Library, BUET 2014-08-30General Book1623_000000000000000_CHA_2005   103333Central Library, BUET
 2026-03-30Circulation section623/CHA/20052026-04-152014-08-30  23Central Library, BUET 2014-08-30General Book2623_000000000000000_CHA_2005   103335Central Library, BUET
 2016-02-27Circulation section623/CHA/20052016-02-272014-08-30  2Central Library, BUET 2014-08-30General Book3623_000000000000000_CHA_20052017-02-26  103336Central Library, BUET
 2022-11-22Circulation section623/CHA/20052022-11-222014-08-30  11Central Library, BUET12014-08-30General Book4623_000000000000000_CHA_20052022-12-06  103337Central Library, BUET
 2025-12-01Circulation section623/CHA/20052025-12-012015-01-26  17Central Library, BUET 2015-01-26General Book5623_000000000000000_CHA_20052025-12-15  103339Central Library, BUET
 2026-01-07Circulation section623/CHA/20052026-02-032015-12-30  25Central Library, BUET 2015-12-30General Book6623_000000000000000_CHA_2005   103340Central Library, BUET